Consorci d'Estudis, Mediació i Conciliacio a l'Administració Local (CEMICAL)
Descripción Física:
33 p. ; 21 cm
MARC
| LEADER | 00000nam a2200000Ia 4500 | ||
|---|---|---|---|
| 001 | 16420 | ||
| 008 | 160829s9999 xx 000 0 cat d | ||
| 080 | |a FU-43-26 | ||
| 110 | 1 | |a Consorci d'Estudis, Mediació i Conciliació a l'Administració Local (Barcelona) |9 52747 | |
| 245 | |a Consorci d'Estudis, Mediació i Conciliacio a l'Administració Local (CEMICAL) | ||
| 260 | |a [Barcelona] : |b CEMICAL, DL 1994 | ||
| 300 | |a 33 p. ; |c 21 cm | ||
| 590 | |a Conté els estatuts del Consorci, els membres de les juntes i les normes de funcionament de la Junta de Mediació i Conciliació | ||
| 610 | 2 | 0 | |a Consorci d'Estudis, Mediació i Conciliació a l'Administració Local (Barcelona) |x Estatuts |9 56182 |
| 901 | |a Arxiu | ||
| 942 | |n 1 | ||
| 952 | |0 0 |1 0 |4 0 |6 FU4326 |7 1 |9 42193 |a Arxiu |b Arxiu |d 2016-12-01 |l 0 |o FU-43-26 |p 16420 |r 2016-12-01 00:00:00 |w 2016-12-01 |y ARXIU | ||
| 999 | |c 44640 |d 44640 | ||